000 01574nam a2200289 a 4500
090 _aIAVH
_b00765 CD-1
041 _aspa
100 _aJaramillo Bustamante, Angélica Victoria
_992484
245 _aPlan de Desarrollo Ecoturístico de la ronda municipal de la Laguna de Fúquene
260 _aBogotá
_bInstituto Alexander von Humboldt
_c2006
300 _a65 p.
520 _aSe formula un plan de desarrollo ecoturístico para los cinco municipios de la ronda de la laguna de Fúquene, basándose en la creación de ventajas competitivas que permitan posicionar la zona como un destino ecoturístico, sensibilizando la población local y no local a la protección de este ecosistema y mejorando al mismo tiempo la calidad de vida de una parte de la comunidad. Se actualiza el inventario ecoturístico de la ronda municipal de la laguna y se presenta un diagnóstico de la situación actual del sector turístico.
650 _aEcoturismo
_992485
650 _aDesarrollo ecoturístico
_992486
650 _aEducación ambiental
_9162
650 _aBiocomercio sostenible
_992487
650 _ainventario ecoturístico
_992488
650 _aCorredores biológicos
_992432
650 _aHerramientas de manejo del paisaje
_992489
650 _aConservación
_992401
650 _aCuencas hidrográficas
_992255
650 _aBiodiversidad
_992204
650 _aCercas vivas
_992490
650 _aManejo de cuencas
_97047
945 _d2007-08-16
773 0 _05986
_99704
_a
_b
_dBogotá Informatica documental 2007
_o024802
_tInformes de investigaciones IAVH en PDF
_w
_x
_z
999 _c6012
_d6012